Short history of Christianity (Record no. 432562)

000 -LEADER
fixed length control field 00351cam a22001337a 4500
008 - FIXED-LENGTH DATA ELEMENTS--GENERAL INFORMATION
fixed length control field 180718b1913 xxu||||| |||| 00| 0 eng d
082 ## - DEWEY DECIMAL CLASSIFICATION NUMBER
Classification number AB2 R547
100 ## - MAIN ENTRY--PERSONAL NAME
Personal name Robertson, J. M.
245 ## - TITLE STATEMENT
Title Short history of Christianity
Statement of responsibility, etc. by J. M. Robertson
250 ## - EDITION STATEMENT
Edition statement 2nd rev. ed.
260 ## - PUBLICATION, DISTRIBUTION, ETC.
Place of publication, distribution, etc. London
Name of publisher, distributor, etc. Watts
Date of publication, distribution, etc. 1913
300 ## - PHYSICAL DESCRIPTION
Extent 352p.
650 ## - SUBJECT ADDED ENTRY--TOPICAL TERM
Topical term or geographic name entry element Church history
Holdings
Withdrawn status Lost status Damaged status Not for loan Permanent Location Current Location Date acquired Full call number Barcode Date last seen Price effective from Koha item type
        Indian Institute of Public Administration Indian Institute of Public Administration 2010-02-02 AB2 R547 A1529 2018-07-21 2018-07-21 A
        Indian Institute of Public Administration Indian Institute of Public Administration 2010-02-02 AB2 R547/31 A1169 2018-07-21 2018-07-21 A

Powered by Koha